000 00859nam a2200229Ia 4500
001 9340
003 GE_BSU
008 181216s||||||||xx |||||||||||||| ||und||
040 _cGE_BSU
080 _a821.353.1–31
100 _aმაისურაძე,ელიზბარ
245 _aოთხი წელი ჭექა–ქუხილში
245 _bრომანი დიდ სამამულო ომზე
245 _cრედ. მილიტა ჯაფარიძე.მხატვ.ზაურ დეისაძე
260 _aთბილისი
260 _bმერანი
260 _c1977
300 _a343გვ.16სმ.
653 _aოთხი წელი ჭექა–ქუხილში
653 _aრომანი დიდ სამამულო ომზე
942 _cBK
999 _c42636
_d42636